000 00229nam a2200097Ia 4500
008 220120s9999||||xx |||||||||||||| ||und||
100 _aYasasway, N.J
_911522
245 0 _aPersonal investment
260 _bDelhi
300 _a72p.
_b0
999 _c136489
_d136489